000 00464nam a2200157Ia 4500
008 210716s2006 xx 000 0 und d
020 _a8170365058
041 _aeng
082 _a658.3124 RAOT
100 _aRao, T V.
245 _aHuman resources development: experience interventions strategies.
_bExperience interventions strategies.
250 _a1
260 _aNew Delhi
_bSage Publications
_c2006
300 _a394
650 _aHuman Resource Management
999 _c201654
_d201654